Most and Least Powerful Passport by Continent - Statistics

General Stats
  • This quiz has been taken 108 times
  • The average score is 8 of 12
Answer Stats
Hint Rank Score Answer % Correct
North America Most Powerful 5 176 Canada, United States
99%
Asia Most Powerful 1 180 Japan, Singapore
91%
Europe Most Powerful 2 179 Germany
86%
Oceania Most Powerful 6 174 Australia
85%
South America Most Powerful 16 161 Chile
85%
South America Least Powerful 65 75 Suriname
78%
North America Least Powerful 84 53 Haiti
65%
Europe Least Powerful 97 38 Kosovo
60%
Asia Least Powerful 105 24 Afghanistan
58%
Oceania Least Powerful 62 79 Papua New Guinea
52%
Africa Least Powerful 101 32 Somalia
46%
Africa Most Powerful 24 144 Seychelles
44%
No matching quizzes found
Score Distribution
Percent of People with Each Score
Percentile by Number Answered
Your Score History
You have not taken this quiz